000 00885nas a2200289 4500
001 BR2020000028
003 BR-BrBNA
005 20231205132031.0
007 ta
008 230509b bl.|||p| |||| 00| 00por d
040 _aBR-BrBNA
_bpor
_cBiblioteca Nacional de Agricultura
041 _a(Pt)
072 _aQ02; E70
100 1 _aBarbosa, J.M.
100 1 _aLima, H.C.
100 1 _aSilva Júnior, E.J. da
100 1 _aMota, A.D.S. da
100 1 _aMendonça, I.T.L.
100 1 _aSilva Filho, E.J. da
245 1 _aBeneficiamento e comercialização do pescado na região de Itapissuma, Pernambuco
650 _aSALGA
650 _aPEIXE
650 _aITAPISSUMA
773 0 _tRevista Brasileira de Engenharia de Pesca (Brazil)
_xISSN 1980-587X
_g(Jan-Apr 2007), v. 2(1) p. 46-57
_wBR2020000028
909 _a202311
_bLúcia
_c55
_dLúcia Elande
942 _2AGRIS
_n0
_cANA
999 _c258088
_d258088